00526nam a2200181Ia 4500008004100000020001400041082001800055100001800073245004700091250000600138260002800144300001000172500002400182650001600206942000700222952009800229999001700327230524s9999 xx 000 0 und d a818574908 a621.3822bSHA aSanjay Sharma 0aSignals and Systems (With Matlab Programs) a7 aNew DelhibKatsonc2011 a874p: aQuantity Number: 1 aElectronics cBK 00104070aTATCLbTATCLcGENd2023-05-24l0o621.3822 SHAp53847r2023-05-24w2023-05-24yBK c56405d56405